Ζητείται ελπίς : διηγήματα
Αποθηκεύτηκε σε:
| Κύριος συγγραφέας: | |
|---|---|
| Μορφή: | Βιβλίο |
| Γλώσσα: | Greek |
| Δημοσίευση: |
Αθήνα :
Ελευθερουδάκης,
1954.
|
| Θέματα: | |
| Ετικέτες: |
Προσθήκη ετικέτας
Δεν υπάρχουν, Καταχωρήστε ετικέτα πρώτοι!
|
MARC
| LEADER | 00000cam a2200000 i 4500 | ||
|---|---|---|---|
| 001 | 1/37391 | ||
| 008 | 950906s1954 gr | ||| |||| ||gre|| | ||
| 035 | |l 10024667 | ||
| 040 | |a GR-MyUa |b gre |e AACR2 | ||
| 041 | 0 | |a gre | |
| 082 | 7 | |a 889.3 |2 (23) | |
| 100 | 1 | |a Σαμαράκης, Αντώνης Ευρ., |d 1919-2003. | |
| 245 | 1 | 0 | |a Ζητείται ελπίς : |b διηγήματα / |c Αντώνη Σαμαράκη. |
| 260 | |a Αθήνα : |b Ελευθερουδάκης, |c 1954. | ||
| 300 | |a 70 σ. ; |c 20 εκ. | ||
| 500 | |a Το Παράρτημα Σάμου διαθέτει την 10η έκδοση του 1970. | ||
| 500 | |a Το Παράρτημα Σύρου διαθέτει την 14η έκδοση του 1979. | ||
| 500 | |3 Το Παράρτημα Λέσβου διαθέτει την 20η έκδοση. | ||
| 500 | |a Το Παράρτημα Ρόδου διαθέτει την 23η έκδοση. | ||
| 650 | 0 | |a Short stories, Greek (Modern) | |
| 852 | |a INST |b CHIOS |e 19950906 |h 889.3 ΣΑΜ |p 005200001119 |q 005200001119 |t BK |y 0 | ||
| 852 | |a INST |b LESVOS |e 20190115 |h 889.3 ΣΑΜ |p 005100062049 |q 005100062049 |t BK |y 0 | ||
| 852 | |a INST |b RHODES |c AKA |e 20081120 |h 889.3 ΣΑΜ |p 005400031388 |q 005400031388 |t BK |y 0 | ||
| 852 | |a INST |b SYROS |e 20190508 |h 889.3 ΣΑΜ |p 005500013681 |q 005500013681 |t BK |y 0 | ||
| 901 | |a BIBL4-2008-3 | ||